000
00286nam a22001217a 4500
020
_a
0070528993
082
_a
621.395
100
_a
Brown, STEPHEN
245
_a
Fundamentals of Digital Logic with Verilog Design
260
_a
India
_b
Tata McGraw-Hill
_c
2002
300
_a
844
_b
PB
942
_c
BK
999
_c
23121
_d
23121